| 000 | 00609nam a2200169 i 4500 | ||
|---|---|---|---|
| 001 | 43471 | ||
| 003 | ES-MaACL | ||
| 005 | 20230906160813.0 | ||
| 007 | t| | ||
| 008 | 030317s1965 sp ||||1| spa d | ||
| 245 | 0 | 0 |
_aCatálogo nacional de cooperativas / _cdirector técnico, Martín Juárez Alonso ; director comercial, Joaquín Solis Rivera. |
| 260 |
_aMadrid : _bOficina Gráfica, _c[1965] ( _fOficina Gráfica Madrileña) |
||
| 300 |
_aVIII, 596 p., 3 lám. ; _c28 cm. |
||
| 700 | 1 |
_aJuárez Alonso, Martín. _967162 |
|
| 700 | 1 |
_aSolís Rivera, Joaquín. _9107218 |
|
| 852 |
_aES-MaACL _jC-30812 _bR.70138 |
||
| 999 |
_c43471 _d43471 |
||